|
|
|
|
| LEADER |
01797nam a22003017a 4500 |
| 001 |
8194 |
| 003 |
BD-DhAAL |
| 005 |
20230118114412.0 |
| 008 |
160724t20162013bg ||||| |||| 00| 0 ben d |
| 020 |
|
|
|a 9848324746
|
| 020 |
|
|
|a 9848324755
|
| 040 |
|
|
|a BD-DhAAL
|c BD-DhAAL
|
| 041 |
|
|
|a ben
|
| 082 |
|
|
|a 891.4437
|
| 100 |
|
|
|a চট্টোপাধ্যায়, শরৎচন্দ্র
|9 20141
|
| 245 |
|
|
|a শরৎ সাহিত্য সমগ্র,
|n প্রথম খন্ড /
|c শরৎচন্দ্র চট্টোপাধ্যায়, সম্পাদক সুকুমার সেন
|
| 260 |
|
|
|a ঢাকা :
|b তিশা বুকস ;
|a কলকাতা :
|b আনন্দ পাবলিশার্স,
|c ১৯৮৫, ২০১৩.
|
| 300 |
|
|
|a ৮৪৮ পৃষ্ঠা,
|a ২২৩৮ পৃষ্ঠা ;
|c ২৪ সে.মি.,
|c ২৭ সে.মি.
|
| 526 |
|
|
|a GenEd (Residential Campus)
|
| 541 |
|
|
|a Donated By Akbar Ali Khan (38540)
Development Book Agency
|e 8194, 38540, 40587
|
| 650 |
|
|
|a Short stories, Bengali.
|9 20142
|
| 700 |
|
|
|a সেন, সুকুমার
|9 20143
|
| 852 |
|
|
|a Savar Campus Library
|c General Stacks
|
| 942 |
|
|
|2 ddc
|c BK
|
| 999 |
|
|
|c 37714
|d 37714
|
| 952 |
|
|
|0 0
|1 0
|2 ddc
|4 0
|6 891_443700000000000_CHO
|7 0
|9 59414
|a SCL
|b SCL
|c GEN
|d 2016-07-24
|g 700.00
|l 14
|m 36
|o 891.4437 CHO
|p 3020008194
|r 2023-06-22
|s 2023-06-12
|t 1
|w 2016-07-24
|y BK
|
| 952 |
|
|
|0 0
|1 0
|2 ddc
|4 0
|6 891_443700000000000_CHO
|7 1
|9 70635
|a BRACUL
|b BRACUL
|c AAKC
|d 2022-05-18
|e Donated by Akbar Ali Khan
|l 0
|o 891.4437 CHO
|p 3010038540
|r 2022-05-18
|t 2
|w 2022-05-18
|y BK
|
| 952 |
|
|
|0 0
|1 0
|2 ddc
|4 0
|6 891_443700000000000_CHO
|7 0
|9 72662
|a SCL
|b SCL
|c GEN
|d 2023-01-05
|e Development Book Agency
|g 680.00
|l 4
|m 12
|o 891.4437 CHO
|p 3020040587
|r 2026-05-06
|s 2026-02-17
|t 3
|v 680.00
|w 2023-01-05
|y BK
|